-
BRUNTON, LAURENCE L. , HILAL-DANDAN, RANDA AND KNOLLMANN , BJORNB C
Entry Personal Name
Number of records used in: 1
001 - CONTROL NUMBER
003 - CONTROL NUMBER IDENTIFIER
005 - DATE AND TIME OF LATEST TRANSACTION
- control field:
20240110122942.0
008 - FIXED-LENGTH DATA ELEMENTS
- fixed length control field:
240110|| aca||aabn | a|a d
040 ## - CATALOGING SOURCE
- Original cataloging agency:
JRU
- Transcribing agency:
JRU
100 ## - HEADING--PERSONAL NAME
- Personal name:
BRUNTON, LAURENCE L. , HILAL-DANDAN, RANDA AND KNOLLMANN , BJORNB C
670 ## - SOURCE DATA FOUND
- Source citation:
Work cat.: (JRU)7451: BRUNTON, LAURENCE L. , HILAL-DANDAN, RANDA AND KNOLLMANN , BJORNB C. , THE PHARMACOLOGICAL BASIC OF THERAPEUTICS